000 00375 a2200157 4500
001 167099
020 _a
040 _cMagnum
100 _aCalvino, Italo
240 1 0 _aSe um viajante numa noite de inverno
_lpor
245 1 0 _aSe um viajante numa noite de inverno
362 0 _a1899
440 1 _aCompanhia das Letras
697 _aLITERATURA ESTRANGEIRA
942 _cBK
999 _c167099
_d167099